Extraordinary opportunities and new risks

Salvato in:
Dettagli Bibliografici
Ente Autore: Latin American Studies Association
Natura: testo
Pubblicazione: Pennsylvania: Latin American Studies Association
Tags: Aggiungi Tag
Nessun Tag, puoi essere il primo ad aggiungerne!!

MARC

LEADER 00000 a a2200000 04500
001 22855
003
040
090 |a 156700  
110 |a Latin American Studies Association  
245 |a Extraordinary opportunities and new risks  
260 |a Pennsylvania:   |b Latin American Studies Association  
300 |a 43 p.  
999 |c 15175  |d 15175